000 00946nam a2200289Ia 4500
003 OSt
005 20221005072217.0
006 a|||||r|||| 00| 0
007 ta
008 221004b |||||||| |||| 00| 0 eng d
020 _a8185038902
_c125
024 _a84779
037 _b248, 31/03/2006, N. R. Book Distributors
_cTextual
040 _aCRL
_cCRL
_beng
041 _2eng
_aeng
082 _aK96, N0
110 _aCouncil of Scientific and Industrial Research
_9122573
245 0 _aWealth of India
_b A dictionary of Indian raw materials and industrial products
260 _aNew Delhi
_bCouncil of Scientific and Industrial Research India
_c1990
300 _a47p.
_ccm.
490 _vV2B
650 _a ZOOLOGY
650 _aBIRDS
_9180529
700 _aCouncil of Scientific and Industrial Research
_9122574
942 _hK96, N0
_cTEXL
_2cc
999 _c979034
_d979034